000 00477nam a2200181Ia 4500
008 090124s9999 xx 000 0 und d
082 _b121640
100 _aसाठे शंकर भाऊ
245 _a घमांडी
250 _a1
260 _c1986
300 _a221
600 _aसाठे शंकर भाऊ
630 _a घमांडी
700 _aसाठे शंकर भाऊ
730 _a घमांडी
942 _cBOOK
999 _c167726
_d167726